000
00266nam a22001097a 4500
008
260422b |||||||| |||| 00| 0 eng d
100
_a
Narayanachar, K S
245
_a
Those 18 Days Part 2
260
_a
Hubli
_b
Sahitya Prakashana
_c
2014
300
_a
608p
942
_2
ddc
999
_c
1254
_d
1254